000 01677nam a22004457a 4500
001 0022
003 DO-SdBNP
005 20240708115813.0
007 0022
008 150929b 2011 sp ac || 00| 0 spa d
020 _a9788449433726 (obra completa)
020 _a9788449433733 (v. 1)
020 _a9788449433740 (v. 2)
020 _a9788449433757 (v. 3)
020 _a9788449433764 (v. 4)
040 _aBPMSU
_bspa
_cBPMSU
082 4 _aR036.1
_bM618p 2011
_222
245 0 0 _aMi primera enciclopedia /
_cMaría Ángeles Arregui Sierra...[et al.] ; dirección Carlos de Gispert ; ilustraciones Comic Up, Silvia Pia, Montserrat Nieto
_b
260 _aEspaña;
_bOcéano,
_c2011.
300 _a4 v.
_bil., retrs.
_c29 cm.
490 0 _aCrecer y aprender con Disney
500 _aIncluye personajes de tus películas Disney, Pixar favoritas.
505 0 _gv. 1 :
_tEl cuerpo y la salud --
_tEl universo y la tierra--
505 0 _gv. 2 :
_tUn planeta vivo--
_tAnimales y plantas --
505 0 _gv. 3 :
_tNuestro entorno--
_tPrehistoria y culturas antiguas --
505 0 _gv. 4 :
_tDe la edad media a nuestros días --
_tCiencia y tecnología.
650 4 _aEnciclopedia y diccionarios para niños
650 4 _aLibros ilustrados infantiles
700 1 _aGispert, Carlos de
_eDirección
700 1 _aArregui Sierra, María Ángeles
700 1 _aBiosca Curell, Anna
700 1 _aGombau Arnau, Alexandre
700 1 _aOrtoll Grifols, Carme
700 1 _aVives Colom, Núria
700 1 _aPla, Silvia
_eIlustraciones
700 1 _aNieto, Montserrat
_eIlustraciones
710 2 _aDisney
910 _aVMateo V. Control de calidad. BPMSU
942 _2ddc
_cBK
999 _c8298
_d8298